Statistiken für Gemeinden des Kreises Coesfeld (NRW)

Klicken Sie hier um das Quiz zu spielen!

Allgemein

  • Dieses Quiz wurde 103 mal gespielt
  • Das Durchschnittsergebnis liegt bei 7 aus 11

Antwortstatistiken

Gemeinde% Korrekt
Coesfeld
98%
Dülmen
83%
Lüdinghausen
76%
Havixbeck
67%
Senden
67%
Nottuln
66%
Billerbeck
64%
Ascheberg
62%
Olfen
57%
Rosendahl
47%
Nordkirchen
45%

Verteilung der Resultate

Perzentil nach korrekt beantworteten Fragen

Anzahl Personen mit jedem Resultat

Ihre Resultats-Entwicklung

Sie haben dieses Quiz noch nicht gespielt